00000000nam##2200000za#4500
0019.542809
003CaOODSP
00520210615090231
007ta
008150406|2001||||xxc|||||     f|0| 0 fre|d
022 |a0706-6457
040 |aCaOODSP|bfre
041 |aeng
041 |afre
043 |an-cn---
0861 |aFs97-6/2379
1101 |aCanada. |bMinistère des pêches et des océans.
24510|aComptes rendus du 28e atelier annuel sur la toxicité aquatique : |bdu 30 septembre au 3 octobre 2001, Winnipeg, Manitoba / |cÉditeurs: J.M. McKernan...et al.
260 |aWinnipeg - Manitoba : |bPêches et Océans Canada |c2001.
300 |axviii, 98p. : |bréférences ; |c28 cm.
4901 |aRapport technique canadien des sciences halieutiques et aquatiques|x0706-6457|v2379
500 |a«Le atelier [c-à-d l'atelier] a permis de poursuivre les discussions tenues annuellement au Canada sur la toxicologie aquatique et l'écotoxicologie. Ces atelier [c-à-d ateliers] annuels organisés par un comité national constitué légalement réunissent des représentants des secteurs industriels, des administrations et des universités que le domaine intéresse. [...] Les comptes rendus sont publiés [avec] l'aide du ministère des Pêches et des Océans.»--Page iii.
5203 |aCe rapport fait partie d’une série de rapports contenant des renseignements scientifiques et techniques qui constituent une contribution aux connaissances scientifiques actuelles, mais qui ne sont pas normalement appropriés pour la publication dans un journal scientifique. La recherche porte sur des sujets tels que les modèles d’écosystème, les méthodes de mise en valeur de l’aquaculture, le matériel de pêche commerciale, et les menaces environnementales à la qualité des milieux aquatiques et des ressources halieutiques. Comprend des tableaux, des figures et des graphiques.
546 |aPages préliminaires en français et en anglais; Articles en leur langue originale.
563 |aReliure à spirale
590 |a06-06|b2006-02-10
7201 |aMcKernan, J. M.
7760#|tProceedings of the 28th Annual Aquatic Toxicity Workshop : |w(CaOODSP)9.589943
791 |tProceedings of the 28th Annual Aquatic Toxicity Workshop : |eeng|w(CaOODSP)9.542808
830#0|aRapport technique canadien des sciences halieutiques et aquatiques,|x0706-6457|v2379|w(CaOODSP)9.514690